000
00272nam a22001217a 4500
008
181001b xxu||||| |||| 00| 0 eng d
041
_a
eng
080
_a
820
100
_a
21
101
_a
GJL
245
_a
The literature of early America
_c
Burbank,R.J
942
_2
udc
_c
BK
999
_c
48735
_d
48735